书目信息 |
| 书名: | The Kailuan story - old mines into new | |
| 作者: | Kailuan Workers' Writing Group. | |
| 分册号: | ||
| 分册名: | 出版地: | Peking : |
|
| 出版社: | Foreign Languages Pr | |
| 出版时间: | 1977. | |
| 页数: | 74 p. ; | |
| 开本: | 20cm. | |
| 丛书名: | ||
| 中图分类号: | ||
| 科图分类号: | ||
| 其他分类号: | F426.1 | |
| 主题词: | ||
| 电子资源: | ||
| 000 | 00740nam 2200229 a 4500 | |
| 001 | E0757418391 | |
| 005 | 20070727103231.37 | |
| 008 | uu | |
| 040 | @aNLC | |
| 041 | 1 | @aeng @hchi |
| 043 | @aa-cc--- | |
| 049 | @aN5LA | |
| 090 | @aF426.1 | |
| 099 | @dF426.1@ex20 | |
| 245 | 04 | @aThe Kailuan story - old mines into new / @cKailuan Workers' Writing Group. |
| 260 | @aPeking :@bForeign Languages Pr.,@c1977. | |
| 300 | @a74 p. ;@c20cm. | |
| 650 | 0 | @aMiners @zChina. |
| 650 | 0 | @aWorking class @zChina. |
| 651 | 0 | @aChina @xSocial life and customs @y1976- |
| 710 | 2 | @aKailuan gong ren xie zuo zu. @b00 @c20020930 @lNLC09 @h2246 @lNLC09 @h2302 @lNLC09 @h1853 @b40 @c20030919 @lNLC09 @h0845 |
| 852 | 9 | @bWWJC @cJ08S @k2 @hF426.1 @iKS |
| The Kailuan story - old mines into new / / Kailuan Workers' Writing Group.-Peking : : Foreign Languages Pr., , 1977. |
| 74 p. ; ; 20cm. |
| ISBN |
| ● |
| 相关链接 |
|
|
|
|
正题名:Kailuan story - old mines into new
索取号:F426.1/x20
 
预约/预借
| 序号 | 登录号 | 条形码 | 馆藏地/架位号 | 状态 | 备注 |
| 1 | 0014224 | 300142245 | 密集书库/ [索取号:F426.1/x20] | 在馆 | |
| 2 | 0014225 | 300142254 | 密集书库/ [索取号:F426.1/x20] | 在馆 | |
| 3 | 14066 | 300140666 | 第二样本阅览室/ [索取号:F426.1/x20] | 在馆 |